Globalization and its Discontents (Record no. 173080)

000 -LEADER
fixed length control field 00239 a2200097 4500
003 - CONTROL NUMBER IDENTIFIER
control field Nust
005 - DATE AND TIME OF LATEST TRANSACTION
control field 20170118120516.0
008 - FIXED-LENGTH DATA ELEMENTS--GENERAL INFORMATION
fixed length control field 170118b xxu||||| |||| 00| 0 eng d
040 ## - CATALOGING SOURCE
Original cataloging agency S3H
Transcribing agency 0
082 ## - DEWEY DECIMAL CLASSIFICATION NUMBER
Classification number 337
100 ## - MAIN ENTRY--PERSONAL NAME
Personal name Joseph E. Stiglitz
245 ## - TITLE STATEMENT
Title Globalization and its Discontents
260 ## - PUBLICATION, DISTRIBUTION, ETC.
Place of publication, distribution, etc. Penguin Books
Name of publisher, distributor, etc. London
Date of publication, distribution, etc. 2002
300 ## - PHYSICAL DESCRIPTION
Extent 288p
942 ## - ADDED ENTRY ELEMENTS (KOHA)
Koha item type Book
Call number prefix 337 STI
Source of classification or shelving scheme
Holdings
Withdrawn status Lost status Source of classification or shelving scheme Damaged status Not for loan Collection code Permanent Location Current Location Shelving location Date acquired Total Checkouts Total Renewals Full call number Barcode Date last seen Date last checked out Price effective from Koha item type
            Central Library (CL) Central Library (CL) General Stacks 01/18/2017 8 7 337 STI S3H-N-1049 12/13/2024 12/11/2024 01/18/2017 Book
© 2023 Central Library, National University of Sciences and Technology. All Rights Reserved.